Unicorn mountain
| Main Author: | |
|---|---|
| Format: | Book |
| Published: |
New York :
Arbor House ,
1988
|
| Subjects: |
MARC
| LEADER | 00000cam a2200000 7i4500 | ||
|---|---|---|---|
| 001 | 0000000849 | ||
| 002 | 000000952 | ||
| 005 | 20000330.0 | ||
| 020 | |a 0877959536 | ||
| 090 | 0 | 0 | |a F |b BIS |
| 100 | 1 | |a Bishop, Michael | |
| 245 | 1 | 0 | |a Unicorn mountain |c Michael Bishop |
| 260 | |a New York : |b Arbor House , |c 1988 | ||
| 300 | |a 367 p. ; |c 24 cm. | ||
| 650 | 0 | 0 | |a Occult |
| 999 | |a 029897 |b BUKU |c PINJAMAN |e PERPUSTAKAAN KOMUNITI PETALING JAYA | ||